The Wiley encyclopedia of packaging technology.

Gespeichert in:
Bibliographische Detailangaben
Format: Buch
Sprache:English
Veröffentlicht: New York : John Wiley and Sons, 1997.
Ausgabe:2nd ed.
Schlagworte:
Tags: Tag hinzufügen
Keine Tags, Fügen Sie den ersten Tag hinzu!
Thư viện lưu trữ: Mạng thư viện Đại học Đà Nẵng
LEADER 00769cam a2200313 i 4500
001 000045765
003 4960
005 20030304144240.0
008 010220|1997 vm 000 eng
020 |a 0471063975 
040 |a IRC  |c IRC  |d IRC 
041 0 |a eng 
082 1 4 |a 688.803  |b Wi-E 
245 0 4 |a The Wiley encyclopedia of packaging technology. 
250 |a 2nd ed. 
260 |a New York :  |b John Wiley and Sons,  |c 1997. 
300 |a xii, 1023p. :  |b ill. 
630 0 4 |a Packaging. 
650 0 4 |a Packaging  |v Dictionaries. 
OWN |a DUT 
999 |a From the UDN01 
TYP |a Monograph 
TYP |a Printed language 
980 |a Mạng thư viện Đại học Đà Nẵng